000 00415nam a2200157Ia 4500
008 210210b2000 xxu||||| |||| 00| 0 eng d
020 _a81 250 1915 4
082 _a741 CAVA
100 _aCAVALLARO (Dani).
245 _aArt for beginners.
260 _aHyderabad
_bOrient Longman
_c2000
300 _aiv,185
650 _aArt Artist Aesthetics Semiotics Colour Genres
690 _aThe Arts
906 _aSG03649
999 _c114518
_d114518